000 00409nab a22001097u 4500
008 130520b1991 xxu||||| |||| 00| 0 spa d
041 _aspa
100 1 _aKroh, W.
_967531
245 0 0 _aFundamentos y perspectivas de una ética ecológica: El problema de las responsabilidad con el futuro como reto a la teología
_cW. Kroh
773 0 _tConcilium
_gV.2,nº236,1991,págs.105-123
_x0210-1041
_wRev134
942 _cAR
999 _c355654
_d355654